[Event "Aeroflot Open A 2020"]
[Site "Moscow RUS"]
[Date "2020.02.27"]
[Round "9.25"]
[White "Karthikeyan, Murali"]
[Black "Moroni, Luca Jr"]
[Result "1/2-1/2"]
[WhiteElo "2602"]
[BlackElo "2536"]
[EventDate "2020.02.19"]

1. e4 e5 2. Nf3 Nc6 3. Bb5 a6 4. Ba4 Nf6 5. O-O b5 6. Bb3 Bc5 7. a4 Rb8 8.
c3 d6 9. d4 Bb6 10. a5 Ba7 11. h3 O-O 12. Be3 Ra8 13. Nbd2 h6 14. Bc2 Re8
15. Re1 exd4 16. Nxd4 Ne5 17. N4f3 Bxe3 18. Rxe3 Bb7 19. Nxe5 dxe5 20. b4
Qe7 21. Nb3 Red8 22. Qe1 Bc8 23. Rd1 Be6 24. Nc5 Rxd1 25. Qxd1 Rd8 26. Rd3
Rd6 27. Nb7 Rxd3 28. Qxd3 Qd7 29. Nc5 Qxd3 30. Bxd3 Bc8 31. Be2 Kf8 32. Kf1
Ke7 33. Ke1 c6 34. Kd2 Kd6 35. Ke3 g5 36. g3 Nd7 37. Bg4 h5 38. Bxd7 Bxd7
39. Nxa6 Bxh3 40. Nc5 Kc7 41. Nd3 f6 42. f4 exf4+ 43. gxf4 gxf4+ 44. Nxf4
Bg4 45. Kf2 h4 46. Ng6 h3 47. Kg3 Bc8 48. Nf4 Kd6 49. Nxh3 c5 50. Nf4 cxb4
51. cxb4 Ke5 52. Nd3+ Kxe4 53. Nc5+ Kd5 54. Kf4 Kc6 55. Ke4 Kd6 56. Kd4 f5
57. Kd3 Kd5 58. Ke2 Kd6 59. Ke3 Kc6 60. Kf4 Kd5 61. a6 Kc6 62. a7 Bb7 63.
Nxb7 Kxb7 64. Kxf5 Kxa7 65. Ke5 Kb8 66. Kd6 Kb7 67. Kc5 Kc7 68. Kxb5 Kb7
69. Ka5 Ka7 70. b5 Kb7 71. b6 Kb8 72. Ka6 Ka8 73. b7+ 1/2-1/2

[Event "Aeroflot Open A 2020"]
[Site "Moscow RUS"]
[Date "2020.02.27"]
[Round "9.26"]
[White "Puranik, Abhimanyu"]
[Black "Iljiushenok, Ilia"]
[Result "0-1"]
[WhiteElo "2597"]
[BlackElo "2519"]
[EventDate "2020.02.19"]

1. e4 c5 2. Nc3 a6 3. g3 d6 4. Bg2 Nf6 5. Nge2 g6 6. d4 cxd4 7. Nxd4 Bg7 8.
h3 O-O 9. O-O Nc6 10. Nde2 Rb8 11. Be3 b5 12. Nd5 Nd7 13. c3 Bb7 14. Qc1 e6
15. Ndf4 Nce5 16. Rd1 Qc7 17. Bd4 Nf6 18. Qc2 Ned7 19. Be3 Nc5 20. f3 Rbc8
21. Bf2 Rfd8 22. Nd3 Ncd7 23. a4 bxa4 24. Qxa4 d5 25. exd5 Nxd5 26. Qa5 Qb8
27. Rac1 Qa8 28. Nc5 Nxc5 29. Bxc5 Re8 30. Rd3 e5 31. Rcd1 e4 32. fxe4 Nf6
33. Bd4 Bxe4 34. Bxe4 Rxe4 35. Nf4 Rce8 36. Bxf6 Bxf6 37. Nd5 Bg5 38. Qb6
Qc8 39. g4 Re1+ 40. Rxe1 Rxe1+ 41. Kg2 Qc4 42. Qd4 Qb3 43. Rd2 Bxd2 44.
Nf6+ Kf8 45. Nd5 Ke8 46. Nc7+ Ke7 47. Nd5+ Kd7 48. Ne3+ Kc6 49. Nc4 Qb5 50.
Qd6+ Kb7 51. Qxd2 Re6 52. Nd6+ Rxd6 53. Qxd6 Qxb2+ 54. Kf1 Qxc3 55. Qd5+
Kb6 56. Qxf7 Qxh3+ 57. Kf2 Qxg4 58. Qf6+ Kb5 59. Qb2+ Qb4 60. Qe2+ Qc4 61.
Qe8+ Qc6 62. Qe2+ Kb6 63. Qb2+ Ka7 64. Qg7+ Qb7 65. Qe5 h5 66. Ke1 Qb4+ 67.
Kd1 Kb6 68. Qb8+ Ka5 69. Qc7+ Ka4 70. Qc6+ Ka3 71. Qc1+ Ka2 72. Qc2+ Ka1
73. Qc6 a5 74. Kc2 Qb1+ 75. Kd2 a4 76. Qc4 0-1

[Event "Aeroflot Open A 2020"]
[Site "Moscow RUS"]
[Date "2020.02.27"]
[Round "9.27"]
[White "Stupak, Kirill"]
[Black "Wagner, Dennis"]
[Result "1/2-1/2"]
[WhiteElo "2518"]
[BlackElo "2590"]
[EventDate "2020.02.19"]

1. d4 Nf6 2. c4 g6 3. g3 Bg7 4. Bg2 O-O 5. Nf3 d5 6. O-O dxc4 7. Na3 c3 8.
bxc3 c5 9. e3 Nc6 10. Qe2 Bf5 11. Rd1 Qb6 12. Nc4 Qa6 13. Bf1 Rac8 14. Bd2
Rfd8 15. Be1 Na5 16. Nxa5 Qxa5 17. a4 Qc7 18. h3 Be4 19. Ne5 b6 20. a5 Nd7
21. axb6 axb6 22. Nxd7 Rxd7 23. Bg2 Bxg2 1/2-1/2

[Event "Aeroflot Open A 2020"]
[Site "Moscow RUS"]
[Date "2020.02.27"]
[Round "9.28"]
[White "Savchenko, Boris"]
[Black "Krishna, C R G"]
[Result "1/2-1/2"]
[WhiteElo "2573"]
[BlackElo "2443"]
[EventDate "2020.02.19"]

1. e4 e6 2. Nc3 d5 3. d4 Bb4 4. e5 c5 5. a3 Bxc3+ 6. bxc3 Ne7 7. Qg4 cxd4
8. Qxg7 Rg8 9. Qxh7 Qc7 10. Ne2 dxc3 11. f4 Nbc6 12. Rb1 Bd7 13. Qd3 d4 14.
Nxd4 Nxd4 15. Qxd4 Nf5 16. Qb4 O-O-O 17. Rb3 Bc6 18. Rxc3 Rd4 19. Rc4 Rxc4
20. Qxc4 Qd8 21. Qc5 Qh4+ 22. Qf2 Ng3 23. Bd3 Qh8 24. Rg1 Qxh2 25. Qxa7 Ne4
26. Be3 Rxg2 27. Bxe4 Rxg1+ 28. Bxg1 Qg3+ 29. Kd1 Qg4+ 30. Ke1 Qg3+ 31. Kd1
Qg4+ 32. Kc1 Qxf4+ 33. Be3 Qxe4 34. Qc5 Qh4 35. Qf8+ Kd7 36. Qd6+ Ke8 37.
Bb6 Qh1+ 38. Kb2 Qd5 39. Qb8+ Ke7 40. a4 f5 41. Qh8 Qc4 42. Qf6+ Ke8 43.
Qh8+ Ke7 44. Qf6+ 1/2-1/2

[Event "Aeroflot Open A 2020"]
[Site "Moscow RUS"]
[Date "2020.02.27"]
[Round "9.29"]
[White "Gadimbayli, Abdulla"]
[Black "Sanal, Vahap"]
[Result "1/2-1/2"]
[WhiteElo "2460"]
[BlackElo "2569"]
[EventDate "2020.02.19"]

1. e4 c5 2. Nf3 e6 3. d4 cxd4 4. Nxd4 a6 5. Bd3 Nf6 6. O-O Qc7 7. Qe2 d6 8.
c4 Be7 9. Nc3 Nbd7 10. f4 O-O 11. Be3 Re8 12. Rac1 b6 13. b4 Bb7 14. a4
Rac8 15. Nb3 Qb8 16. h3 Qa8 17. Bd2 d5 18. cxd5 exd5 19. e5 Bxb4 20. Nd4
Ba3 21. Rc2 g6 22. Rd1 Bf8 23. Be3 Ne4 24. Nxe4 dxe4 25. Bc4 Nc5 26. f5
Rxe5 27. Qg4 Bd5 28. Bxd5 Rxd5 29. fxg6 hxg6 30. Rf1 Bg7 31. Nb3 Re8 32.
Nxc5 bxc5 33. Rcf2 Re7 34. Bg5 f5 35. Qg3 Red7 36. Bf6 Qf8 37. Bxg7 Qxg7
38. h4 c4 39. h5 gxh5 40. Qb8+ Rd8 41. Qb6 R8d6 42. Qb8+ Rd8 43. Qb6 Qf7
44. Qxa6 e3 45. Re2 Re5 46. Qh6 Qg7 47. Qf4 Rde8 48. Qxc4+ Kh7 49. Qd3 Qg5
50. Rf3 Rd8 51. Qc4 Rd7 52. Qf4 Qxf4 53. Rxf4 Kg6 54. Rf3 Rd3 55. a5 h4 56.
a6 Rd1+ 57. Rf1 Rd8 58. Rf3 Rd1+ 59. Rf1 Rxf1+ 60. Kxf1 f4 61. Ra2 h3 62.
gxh3 f3 63. Ra1 Re7 64. a7 e2+ 65. Ke1 f2+ 66. Kxf2 e1=Q+ 67. Rxe1 Rxa7
1/2-1/2

[Event "Aeroflot Open A 2020"]
[Site "Moscow RUS"]
[Date "2020.02.27"]
[Round "9.30"]
[White "Grigoriants, Sergey"]
[Black "Badelka, Olga"]
[Result "1/2-1/2"]
[WhiteElo "2539"]
[BlackElo "2404"]
[EventDate "2020.02.19"]

1. e4 c5 2. Nf3 Nc6 3. Nc3 e5 4. Bc4 Be7 5. d3 d6 6. Nd2 Nf6 7. Nf1 Bg4 8.
f3 Be6 9. Ne3 O-O 10. O-O Ne8 11. Ncd5 Bg5 12. a4 Nc7 13. Nxc7 Bxe3+ 14.
Bxe3 Qxc7 15. Bxe6 fxe6 16. c3 1/2-1/2

[Event "Aeroflot Open A 2020"]
[Site "Moscow RUS"]
[Date "2020.02.27"]
[Round "9.31"]
[White "Murzin, Volodar"]
[Black "Chanda, Sandipan"]
[Result "1-0"]
[WhiteElo "2442"]
[BlackElo "2552"]
[EventDate "2020.02.19"]

1. d4 e6 2. Nf3 f5 3. g3 Nf6 4. Bg2 g6 5. O-O Bg7 6. c4 O-O 7. Nc3 d5 8.
Bf4 c6 9. Qc1 Nbd7 10. Bd6 Re8 11. Ne5 Ng4 12. Nxg4 fxg4 13. Rd1 Nb6 14. c5
Nc4 15. Bf4 e5 16. Bg5 Qd7 17. b3 exd4 18. Nxd5 Ne5 19. Nf6+ Bxf6 20. Bxf6
d3 21. Bxe5 Rxe5 22. Rxd3 Qe7 23. Rd6 Be6 24. e4 Re8 25. Qc3 Rh5 26. Rad1
Qg5 27. b4 a5 28. a3 axb4 29. axb4 Qe5 30. Qa3 Rf8 31. Rd8 Rxd8 32. Rxd8+
Kg7 33. Qc1 Qc7 34. Qc3+ Re5 35. Rd6 Kf6 36. Bf1 b5 37. Be2 1-0

[Event "Aeroflot Open A 2020"]
[Site "Moscow RUS"]
[Date "2020.02.27"]
[Round "9.32"]
[White "Zarubitski, Viachaslau"]
[Black "Ivic, Velimir"]
[Result "1-0"]
[WhiteElo "2432"]
[BlackElo "2558"]
[EventDate "2020.02.19"]

1. e4 c5 2. c3 Nf6 3. e5 Nd5 4. Nf3 Nc6 5. Bc4 Nb6 6. Bb3 d5 7. exd6 Qxd6
8. Na3 a6 9. O-O Bf5 10. d4 cxd4 11. Nxd4 Nxd4 12. cxd4 e6 13. Qf3 Qc6 14.
Qxc6+ bxc6 15. Bf4 Kd7 16. Rfc1 Be4 17. Nb1 Bxb1 18. Raxb1 Be7 19. Be5 Rhg8
20. Rc2 g6 21. Re1 a5 22. a3 a4 23. Ba2 Rgc8 24. Kf1 Ra5 25. Ke2 Rb5 26.
Kd1 Nd5 27. Bc4 Rb6 28. Kc1 Ra8 29. Rd1 h5 30. h3 Ra7 31. Rd3 Ke8 32. Rf3
Rd7 33. Kb1 h4 34. Ka2 g5 35. Re2 Rdb7 36. Rc2 Rd7 37. Re2 Bd8 38. g3 hxg3
39. fxg3 Rdb7 40. Bd6 g4 41. hxg4 Ne7 42. Bc5 Rd7 43. Rxf7 Rxb2+ 44. Kxb2
Rb7+ 45. Kc2 Kxf7 46. Rxe6 Kg7 47. Kd3 Ng6 48. Rxc6 Rb1 49. Rc8 Bf6 50.
Rg8+ Kh7 51. Ra8 Rg1 52. Be6 Rxg3+ 53. Kc4 Rg1 54. Bf5 1-0

[Event "Aeroflot Open A 2020"]
[Site "Moscow RUS"]
[Date "2020.02.27"]
[Round "9.33"]
[White "Sivuk, Vitaly"]
[Black "Kozionov, Kirill"]
[Result "1/2-1/2"]
[WhiteElo "2557"]
[BlackElo "2466"]
[EventDate "2020.02.19"]

1. d4 Nf6 2. c4 g6 3. Nc3 Bg7 4. e4 d6 5. h3 O-O 6. Be3 Nbd7 7. g4 e5 8. d5
Nc5 9. f3 a5 10. Qd2 Ne8 11. h4 f5 12. gxf5 gxf5 13. h5 f4 14. Bxc5 dxc5
15. O-O-O Nd6 16. Qe2 Bf6 17. Bh3 Kh8 18. Bxc8 Rxc8 19. Nh3 Bh4 20. Rdg1
Qe7 21. Na4 b6 22. b3 Rg8 23. Nb2 Rxg1+ 24. Nxg1 Rg8 25. Nd3 a4 26. Qf1 b5
27. Ne2 axb3 28. axb3 bxc4 29. bxc4 Ra8 30. Qh3 Ra1+ 31. Kc2 Ra2+ 32. Nb2
Nxc4 33. Qxh4 Rxb2+ 34. Kc3 Qd6 35. h6 Rxe2 36. Ra1 Na3 37. Rxa3 Re3+ 38.
Kb2 Rxa3 39. Qg5 Qb6+ 40. Kxa3 Qb4+ 41. Ka2 Qd2+ 42. Kb3 Qd3+ 1/2-1/2

[Event "Aeroflot Open A 2020"]
[Site "Moscow RUS"]
[Date "2020.02.27"]
[Round "9.34"]
[White "Raja, Harshit"]
[Black "Frolyanov, Dmitry"]
[Result "1/2-1/2"]
[WhiteElo "2472"]
[BlackElo "2556"]
[EventDate "2020.02.19"]

1. e4 c5 2. Nf3 Nc6 3. Bb5 g6 4. O-O Bg7 5. Re1 e5 6. Bxc6 dxc6 7. a4 Qe7
8. Na3 Nh6 9. d3 f6 10. a5 O-O 11. Nc4 Nf7 12. Be3 Nd8 13. h3 Ne6 14. c3
Rd8 15. Qc2 Bd7 16. Rad1 Be8 17. b3 Bf7 18. d4 cxd4 19. cxd4 exd4 20. Nxd4
Nxd4 21. Bxd4 c5 22. Bc3 Rxd1 23. Rxd1 Rd8 24. Rxd8+ Qxd8 25. Ne3 b5 26.
axb6 axb6 27. Nd5 Bxd5 28. Qd3 f5 29. Bxg7 fxe4 30. Qc3 e3 31. Bf6 exf2+
32. Kxf2 Qe8 33. Qe5 Qxe5 34. Bxe5 Bxb3 35. Bc7 b5 36. Bb6 c4 37. Ba5 Kf7
38. Ke3 Bc2 39. Kd2 Bf5 40. h4 Ke6 41. Kc3 Ke5 42. g3 Kd5 43. Bb4 Ke4 44.
Bc5 Be6 45. Bb4 Kf3 1/2-1/2

[Event "Aeroflot Open A 2020"]
[Site "Moscow RUS"]
[Date "2020.02.27"]
[Round "9.35"]
[White "Shubin, Kirill"]
[Black "Visakh, N R"]
[Result "1-0"]
[WhiteElo "2427"]
[BlackElo "2518"]
[EventDate "2020.02.19"]

1. e4 g6 2. d4 Bg7 3. Nf3 d6 4. Nc3 Nf6 5. Be3 O-O 6. Qd2 a6 7. Bh6 b5 8.
Bxg7 Kxg7 9. Bd3 Bb7 10. e5 Nfd7 11. h4 dxe5 12. h5 Rh8 13. Be4 Bxe4 14.
Nxe4 Nf6 15. h6+ Kg8 16. Nxf6+ exf6 17. Qe3 exd4 18. O-O-O c5 19. Qe4 Ra7
20. b4 Re7 21. Qf4 Rd7 22. bxc5 Nc6 23. Rhe1 Kf8 24. Rd2 g5 25. Qg4 d3 26.
Qe4 Ne7 27. Re3 dxc2 28. Red3 Rxd3 29. Rxd3 Qe8 30. Qb7 g4 31. Qc7 gxf3 32.
Rd8 fxg2 33. Rxe8+ Kxe8 34. Qb8+ Kd7 35. Qb7+ Ke6 36. Qxg2 f5 37. Qg3 Rd8
38. Qe3+ Kf6 39. Kxc2 Nc6 40. Qc3+ Rd4 41. Qg3 Ke6 42. Qg8 Rc4+ 43. Kd1
Rxc5 44. Qxh7 Rd5+ 45. Ke1 Rd8 46. Qg7 Ne5 47. h7 Ng6 48. Qc3 Rh8 49. Qc6+
Ke5 50. Qxa6 Rxh7 51. Qxb5+ Ke4 52. a4 Ne5 53. Ke2 Rh6 54. Qb4+ Kd5 55.
Qd2+ 1-0

[Event "Aeroflot Open A 2020"]
[Site "Moscow RUS"]
[Date "2020.02.27"]
[Round "9.36"]
[White "Zanan, Evgeny"]
[Black "Radovanovic, Mihajlo"]
[Result "1-0"]
[WhiteElo "2500"]
[BlackElo "2458"]
[EventDate "2020.02.19"]

1. d4 Nf6 2. c4 d6 3. Nc3 e5 4. g3 exd4 5. Qxd4 Nc6 6. Qd2 Be6 7. e4 g6 8.
b3 Bg7 9. Bg2 a5 10. Bb2 a4 11. Nxa4 Bxc4 12. Ne2 O-O 13. O-O Re8 14. Nac3
Ba6 15. Rfd1 Ne5 16. Qc2 c6 17. h3 d5 18. exd5 cxd5 19. Nxd5 Rc8 20. Nec3
Nxd5 21. Rxd5 Qf6 22. Qd1 h5 23. Na4 b5 24. Nc5 h4 25. Nd3 hxg3 26. Rxe5
gxf2+ 27. Kh1 Rxe5 28. Bxe5 Qf5 29. Bxg7 Bb7 30. Nxf2 1-0

[Event "Aeroflot Open A 2020"]
[Site "Moscow RUS"]
[Date "2020.02.27"]
[Round "9.37"]
[White "Aditya, Mittal"]
[Black "Kozak, Adam"]
[Result "1/2-1/2"]
[WhiteElo "2427"]
[BlackElo "2523"]
[EventDate "2020.02.19"]

1. d4 Nf6 2. c4 e6 3. Nc3 d5 4. cxd5 exd5 5. Bg5 Nbd7 6. e3 c6 7. Bd3 Be7
8. Nge2 h6 9. Bh4 Nh5 10. Bxe7 Qxe7 11. Qc2 Nb6 12. O-O O-O 13. Rae1 Bd7
14. Nc1 Rae8 15. Nb3 Nc8 16. Nc5 Nd6 17. Qd1 Nf6 18. f3 b6 19. Nxd7 Qxd7
20. e4 dxe4 21. fxe4 Nc8 22. Bb1 c5 23. Rxf6 gxf6 24. Nd5 Kg7 25. Re3 Ne7
26. h4 Rh8 27. Rg3+ Ng6 28. h5 Qd6 29. Qf3 cxd4 30. hxg6 Re5 31. Nf4 Rc8
32. gxf7+ Rg5 33. Rxg5+ hxg5 34. Nd3 Rf8 35. e5 Qe6 36. exf6+ Qxf6 37. Qe4
Rxf7 38. Ne5 Qf1+ 39. Kh2 Qf4+ 40. Qxf4 Rxf4 41. Kg3 Rf1 42. Bc2 Kf6 43.
Nf3 1/2-1/2

[Event "Aeroflot Open A 2020"]
[Site "Moscow RUS"]
[Date "2020.02.27"]
[Round "9.38"]
[White "Buksa, Nataliya"]
[Black "Lobanov, Sergei"]
[Result "0-1"]
[WhiteElo "2403"]
[BlackElo "2507"]
[EventDate "2020.02.19"]

1. e4 e5 2. Nf3 Nc6 3. Bc4 Nf6 4. Ng5 d5 5. exd5 Na5 6. Bb5+ c6 7. dxc6
bxc6 8. Bd3 Nd5 9. h4 Be7 10. Qf3 f5 11. Bxf5 Rf8 12. Qh5+ g6 13. Bxg6+
hxg6 14. Qxg6+ Kd7 15. d3 Kc7 16. Bd2 Nb7 17. Nc3 Nb4 18. O-O-O Nc5 19.
Nb5+ Kb6 20. Bxb4 Kxb5 21. Bxc5 Bxc5 22. d4 exd4 23. Qd3+ Kb6 24. Ne4 Qd5
25. Nxc5 Qxc5 26. f3 Rd8 27. Qb3+ Ka5 28. g4 Ba6 29. Qf7 Qb6 30. a3 Rd5 31.
Qe7 c5 32. h5 Rb8 33. b3 c4 34. Qe1+ c3 35. Qe7 Rb7 36. Qf8 Bc4 37. h6 Bxb3
38. Rde1 Bc4 39. Qb4+ Qxb4 40. axb4+ Kxb4 0-1

[Event "Aeroflot Open A 2020"]
[Site "Moscow RUS"]
[Date "2020.02.27"]
[Round "9.39"]
[White "Karthik, Venkataraman"]
[Black "Pogosyan, Stefan"]
[Result "1-0"]
[WhiteElo "2483"]
[BlackElo "2455"]
[EventDate "2020.02.19"]

1. b3 d5 2. Bb2 Bg4 3. f3 Bf5 4. e3 e6 5. d4 Nf6 6. Nc3 c5 7. Nge2 Nc6 8.
Qd2 Rc8 9. a3 h5 10. Ng3 cxd4 11. exd4 Bh7 12. Bd3 Bd6 13. Bxh7 Rxh7 14.
Nge2 a6 15. h4 Qc7 16. O-O-O Ne7 17. Kb1 Nf5 18. Qd3 Bg3 19. Bc1 Bxh4 20.
Bf4 Qc6 21. Kb2 g5 22. Be5 Nd7 23. g4 Nxe5 24. dxe5 Ng3 25. Rxh4 1-0

[Event "Aeroflot Open A 2020"]
[Site "Moscow RUS"]
[Date "2020.02.27"]
[Round "9.41"]
[White "Nikitenko, Mihail"]
[Black "Pranesh, M"]
[Result "0-1"]
[WhiteElo "2440"]
[BlackElo "2425"]
[EventDate "2020.02.19"]

1. c4 Nf6 2. g3 e6 3. Bg2 d5 4. Nf3 d4 5. b4 Bxb4 6. Qa4+ Nc6 7. Ne5 Rb8 8.
Nxc6 bxc6 9. Qxa7 Rb6 10. Qa4 O-O 11. O-O d3 12. e3 Nd7 13. Bb2 Nc5 14. Qd1
Ba6 15. Qg4 f6 16. a3 Ba5 17. Bd4 Qe7 18. Bxc5 Qxc5 19. Qxe6+ Kh8 20. Rc1
f5 21. Nc3 Bxc3 0-1

[Event "Aeroflot Open A 2020"]
[Site "Moscow RUS"]
[Date "2020.02.27"]
[Round "9.42"]
[White "Vignesh, N R"]
[Black "Sreeshwan, Maralakshikari"]
[Result "1/2-1/2"]
[WhiteElo "2436"]
[BlackElo "2440"]
[EventDate "2020.02.19"]

1. e4 c6 2. d4 d5 3. Nd2 dxe4 4. Nxe4 Bf5 5. Ng3 Bg6 6. h4 h6 7. Nf3 e6 8.
Ne5 Bh7 9. Bd3 Bxd3 10. Qxd3 Nd7 11. Bf4 Nxe5 12. Bxe5 Qa5+ 13. c3 Nf6 14.
O-O Ng4 15. Rad1 Qd8 16. h5 Qg5 17. Rfe1 O-O-O 18. Qf3 Nxe5 19. dxe5 Rxd1
20. Rxd1 Qxe5 21. Qxf7 Bc5 22. Qg6 Rd8 23. Rxd8+ Kxd8 24. Ne4 Bb6 25. g3
Ke7 26. Kg2 Kf8 27. b3 Bd8 28. f4 Qd5 29. c4 Qa5 30. Qxe6 Qxa2+ 31. Kh3 Qa1
32. Qf5+ Ke7 33. Qc5+ Kf7 34. Qf5+ Ke7 1/2-1/2